[Event "?"]
[Site "?"]
[Date "2011.06.04"]
[Round "7.39"]
[White "Mayer, Christian"]
[Black "Schuster, Gerhard"]
[Result "0-1"]
[WhiteElo "1851"]
[BlackElo "2015"]
[PlyCount "71"]
[EventDate "2011.??.??"]
[WhiteTeam "Stuttgarter SF 1879"]
[BlackTeam "SC Feuerbach e. V."]

1. d4 Nf6 2. c4 e6 3. g3 d5 4. Nf3 c5 5. cxd5 exd5 6. Bg2 Nc6 7. O-O Be6 8.
dxc5 Bxc5 9. Nbd2 Bb6 10. Nb3 d4 11. Bf4 O-O 12. Ne5 Bd5 13. Nxc6 bxc6 14. Bxd5
Qxd5 15. Qc2 Rac8 16. Rac1 Rfe8 17. Rfe1 Ng4 18. Qd3 Qh5 19. h4 Ne5 20. Bxe5
Qxe5 21. Nd2 Qd5 22. Qb3 Qxb3 23. Nxb3 c5 24. Nd2 Ba5 25. Red1 Rxe2 26. Nb3 Bb6
27. Nxd4 Rxb2 28. Nf5 Kf8 29. Rd7 c4 30. Nd6 Rd8 31. Rxd8+ Bxd8 32. Rxc4 Rxa2
33. Nf5 g6 34. Ne3 Bb6 35. Rc8+ Kg7 36. Ra8 0-1

[Event "?"]
[Site "?"]
[Date "2011.06.04"]
[Round "7.40"]
[White "Santos, Paulo"]
[Black "Schnepel, Thomas"]
[Result "1/2-1/2"]
[WhiteElo "1890"]
[BlackElo "1964"]
[PlyCount "68"]
[EventDate "2011.??.??"]
[WhiteTeam "SC Lechhausen"]
[BlackTeam "SC Pforzheim 1906"]

1. e4 c5 2. Nc3 Nc6 3. g3 e6 4. Bg2 Nge7 5. d3 d5 6. exd5 exd5 7. f4 g6 8. Nf3
Bg7 9. Bd2 O-O 10. O-O h6 11. Rb1 Nf5 12. Re1 d4 13. Ne4 Ne3 14. Bxe3 dxe3 15.
Kh1 Re8 16. c3 Bg4 17. h3 Bf5 18. Rxe3 c4 19. Nfd2 cxd3 20. Re1 Qa5 21. Qb3 Re7
22. Nc4 Qc7 23. Ned6 d2 24. Rxe7 Qxe7 25. Rd1 Qe1+ 26. Kh2 Be6 27. Qc2 Rd8 28.
Rxd2 Bf8 29. b3 h5 30. Nxb7 Bf5 31. Qb2 h4 32. g4 Qg3+ 33. Kg1 Qe1+ 34. Kh2
Qg3+ 1/2-1/2

[Event "?"]
[Site "?"]
[Date "2011.06.04"]
[Round "7.41"]
[White "Dornreiter, Michael"]
[Black "Körber, Thomas"]
[Result "0-1"]
[WhiteElo "1847"]
[BlackElo "1961"]
[PlyCount "80"]
[EventDate "2011.??.??"]
[WhiteTeam "SC Kirchseeon e.V."]
[BlackTeam "SF Fürth 1951 e.V."]

1. d4 f5 2. Nf3 Nf6 3. Nc3 d5 4. e3 e6 5. Bb5+ c6 6. Be2 Bd6 7. Ne5 O-O 8. O-O
Nbd7 9. f4 a6 10. a4 c5 11. Nf3 b6 12. b3 cxd4 13. exd4 Qe7 14. Bd3 Ne4 15.
Bxe4 fxe4 16. Ne5 Nf6 17. Be3 Bd7 18. Ne2 Rfc8 19. c4 Rc7 20. h3 Rac8 21. g4
Be8 22. Ng3 Nd7 23. cxd5 exd5 24. Nf5 Qf8 25. Rc1 g6 26. Nxd6 Qxd6 27. Rxc7
Rxc7 28. Rf2 Rc3 29. Bd2 Rc7 30. f5 Rc8 31. fxg6 Bxg6 32. Nxd7 Qxd7 33. Qf1 Qg7
34. Qxa6 Re8 35. Be3 Qc7 36. Kf1 Qc3 37. Bh6 Qxh3+ 38. Ke2 Qxh6 39. Qxb6 e3 40.
Rg2 Bd3+ 0-1

[Event "?"]
[Site "?"]
[Date "2011.06.04"]
[Round "7.42"]
[White "Zeh, Rolf"]
[Black "Reder, Erik"]
[Result "0-1"]
[WhiteElo "1953"]
[BlackElo "1920"]
[PlyCount "84"]
[EventDate "2011.??.??"]
[WhiteTeam "SV 23 Böckingen"]
[BlackTeam "SK e4 Gerlingen"]

1. Nf3 c5 2. c4 g6 3. Nc3 Bg7 4. g3 Nf6 5. Bg2 Nc6 6. O-O O-O 7. d4 cxd4 8.
Nxd4 Nxd4 9. Qxd4 d6 10. Qd3 a5 11. Rd1 Nd7 12. b3 Nc5 13. Qc2 Bf5 14. e4 Nxe4
15. Bxe4 Bxe4 16. Qxe4 Bxc3 17. Rb1 Qc7 18. Be3 Bf6 19. a4 Qc6 20. Qd5 Rfd8 21.
Rbc1 e6 22. Qb5 Kg7 23. Rd3 d5 24. Bb6 Qxb5 25. axb5 Rdc8 26. c5 a4 27. bxa4
Rxa4 28. Rb3 Bd4 29. Kg2 Ra2 30. Rf3 Rb2 31. Ra1 Bxc5 32. Ra7 Bxb6 33. Rxb7
Rxf2+ 34. Rxf2 Bxf2 35. Kxf2 Rc2+ 36. Ke3 Kf6 37. h4 Rc3+ 38. Kd2 Rxg3 39. b6
Rb3 40. Rb8 Ke5 41. Kc2 Rb5 42. b7 Kd6 0-1

[Event "?"]
[Site "?"]
[Date "2011.06.04"]
[Round "7.43"]
[White "Fischer, Gerd"]
[Black "Pietzka, Martin"]
[Result "1-0"]
[WhiteElo "1950"]
[BlackElo "1863"]
[PlyCount "139"]
[EventDate "2011.??.??"]
[WhiteTeam "SC 1926 Haßloch"]
[BlackTeam "SV Nürtingen 1920"]

1. d4 Nf6 2. Nf3 e6 3. Bf4 h6 4. e3 Nh5 5. Bg3 Nxg3 6. hxg3 Be7 7. Bd3 d6 8.
Nbd2 Nd7 9. c3 a6 10. a4 b6 11. Qe2 Bb7 12. Be4 d5 13. Bc2 c5 14. e4 dxe4 15.
Bxe4 Qc7 16. O-O O-O 17. Rfe1 Bf6 18. Bxb7 Qxb7 19. Ne4 Qc6 20. dxc5 bxc5 21.
Nxf6+ Nxf6 22. Qc4 Qd5 23. Ne5 Qxc4 24. Nxc4 Rfd8 25. Red1 Rab8 26. a5 Kf8 27.
Kf1 Ke8 28. Ke1 Rd5 29. Nb6 Rdd8 30. Na4 Rd5 31. Rxd5 Nxd5 32. Nxc5 Rxb2 33.
Nxa6 Nxc3 34. Nc7+ Kd7 35. a6 Rb8 36. a7 Kxc7 37. a8=Q Rxa8 38. Rxa8 Kd7 39.
Rg8 g6 40. g4 Nd5 41. Rh8 Nf6 42. Rxh6 Nxg4 43. Rh4 Nf6 44. Ra4 Nd5 45. Ra7+
Nc7 46. Kd2 Kd6 47. Kd3 f6 48. Ke4 Kc6 49. Ra5 Kd6 50. Ra1 g5 51. Rb1 Kd7 52.
Rb6 Ke7 53. Kd4 Nd5 54. Ra6 Nc7 55. Rc6 Kd7 56. Kc5 Nd5 57. Ra6 Nf4 58. Ra7+
Ke8 59. Kd6 Nxg2 60. Kxe6 Nf4+ 61. Kxf6 Nh3 62. Ra2 Kd7 63. Kf5 Kd6 64. Kg4 Nf4
65. Kxg5 Ke5 66. Ra5+ Nd5 67. f4+ Ke6 68. f5+ Ke5 69. f6 Ke6 70. Rxd5 1-0

[Event "?"]
[Site "?"]
[Date "2011.06.04"]
[Round "7.44"]
[White "Zeller, Elisa"]
[Black "Töws, Manuel"]
[Result "0-1"]
[WhiteElo "1795"]
[BlackElo "1938"]
[PlyCount "128"]
[EventDate "2011.??.??"]
[WhiteTeam "SF 1876 Göppingen"]
[BlackTeam "BG Buchen"]

1. e4 c5 2. Nf3 d6 3. d4 cxd4 4. Nxd4 Nf6 5. Nc3 a6 6. Be2 e5 7. Nb3 Be7 8. O-O
O-O 9. Be3 Be6 10. Kh1 Nbd7 11. f4 exf4 12. Bxf4 Ne5 13. Nd4 Rc8 14. Nf5 Bxf5
15. exf5 Nc4 16. Qd4 d5 17. b3 Qb6 18. Qd3 Na3 19. Nxd5 Nxd5 20. Qxd5 Bf6 21.
Rac1 Nxc2 22. Bc4 Nb4 23. Qd2 Rcd8 24. Qe2 Rfe8 25. Qh5 Re7 26. Rce1 Red7 27.
Re2 Qc6 28. Rfe1 Rf8 29. Re8 h6 30. Qe2 Rd8 31. Rxf8+ Kxf8 32. Be5 b5 33. Bc3
Qd6 34. Bxb4 Qxb4 35. Bd3 Kg8 36. Rd1 Qa3 37. h3 Qb4 38. Qf3 Qc5 39. Qe4 Qf2
40. Qe2 Qf4 41. Qf3 Qb4 42. Qe2 Kf8 43. Qf3 Re8 44. Bf1 Kg8 45. Bd3 Qc5 46. Qb7
Qf2 47. Qf3 Qxa2 48. Qc6 Rd8 49. Qc2 Qa3 50. Be2 Re8 51. Bf3 Qe7 52. Qc6 Qe5
53. Qxa6 Bd8 54. Qa1 Qg3 55. Qa7 Bc7 56. Qg1 Re5 57. Bg4 h5 58. Bxh5 Rxf5 59.
Bg4 Re5 60. Ra1 g6 61. Rf1 Re4 62. Rf3 Qe5 63. Bd7 Re1 64. Bg4 Qh2# 0-1

[Event "?"]
[Site "?"]
[Date "2011.06.04"]
[Round "7.45"]
[White "Kean, Christopher"]
[Black "Nicolai, Alexander"]
[Result "1/2-1/2"]
[WhiteElo "1791"]
[BlackElo "1936"]
[PlyCount "43"]
[EventDate "2011.??.??"]
[WhiteTeam "SC Leinfelden"]
[BlackTeam "SV 1947 Wendlingen"]

1. Nf3 g6 2. c4 Bg7 3. e3 c5 4. Nc3 Nc6 5. d4 cxd4 6. exd4 d6 7. Be3 Bg4 8. Qd2
Bxf3 9. gxf3 Qa5 10. O-O-O O-O-O 11. Bh3+ f5 12. Kb1 Kb8 13. f4 Qb4 14. b3 e5
15. Ne2 Qxd2 16. Rxd2 exd4 17. Nxd4 Nxd4 18. Bxd4 Bxd4 19. Rxd4 Nf6 20. Bg2
Rhe8 21. Bf3 Kc7 22. h3 1/2-1/2

[Event "?"]
[Site "?"]
[Date "2011.06.04"]
[Round "7.46"]
[White "Mendzigall, Martin"]
[Black "Müller, Kai-Markus"]
[Result "0-1"]
[WhiteElo "1928"]
[BlackElo "1901"]
[PlyCount "38"]
[EventDate "2011.??.??"]
[WhiteTeam "SC Mühlacker 1923 e.V."]
[BlackTeam "SV Backnang"]

1. e4 c6 2. d4 d5 3. Nc3 dxe4 4. Nxe4 Bf5 5. Ng3 Bg6 6. Nf3 Nd7 7. c3 Qc7 8.
Be2 e6 9. Nh4 Ngf6 10. Nxg6 hxg6 11. Qc2 c5 12. dxc5 Bxc5 13. O-O O-O-O 14. b4
Bd6 15. a3 Rh7 16. Be3 Rdh8 17. h3 Bxg3 18. fxg3 Rxh3 19. Bxa7 Qxg3 0-1

[Event "?"]
[Site "?"]
[Date "2011.06.04"]
[Round "7.47"]
[White "Lube, Manfred"]
[Black "Rudhart, Michael"]
[Result "0-1"]
[WhiteElo "1903"]
[BlackElo "1905"]
[PlyCount "62"]
[EventDate "2011.??.??"]
[WhiteTeam "SGem Vaihingen-Rohr"]
[BlackTeam "SV Stuttgart-Wolfbusch 1956 e.V."]

1. e4 e6 2. d4 d5 3. Nc3 Nf6 4. Bg5 Be7 5. e5 Nfd7 6. Bxe7 Qxe7 7. Nf3 a6 8.
Be2 c5 9. O-O cxd4 10. Qxd4 Nc6 11. Qe3 O-O 12. a3 b5 13. b4 f6 14. exf6 Qxf6
15. Rad1 Bb7 16. Bd3 g6 17. Qd2 Rac8 18. Rde1 Rfe8 19. Bxb5 axb5 20. Nxb5 Qf8
21. c4 Nb6 22. c5 Nc4 23. Qa2 h6 24. Nbd4 Nxd4 25. Nxd4 e5 26. Nb5 Qf7 27. Rd1
Ra8 28. a4 Bc6 29. Qb3 Reb8 30. Rd3 Bxb5 31. Rf3 Nd2 0-1

[Event "?"]
[Site "?"]
[Date "2011.06.04"]
[Round "7.49"]
[White "Recker, Martin"]
[Black "Engelhardt, Frank"]
[Result "1-0"]
[WhiteElo "1912"]
[BlackElo "1917"]
[PlyCount "71"]
[EventDate "2011.??.??"]
[WhiteTeam "SF Freiberg"]
[BlackTeam "SC Schachmatt Botnang"]

1. d4 Nf6 2. Nf3 g6 3. c4 Bg7 4. Nc3 d6 5. e4 O-O 6. Be2 e5 7. dxe5 dxe5 8.
Qxd8 Rxd8 9. Bg5 c6 10. Nxe5 Re8 11. f4 h6 12. Bxf6 Bxf6 13. O-O-O Bxe5 14.
fxe5 Nd7 15. e6 Rxe6 16. Bg4 Re7 17. Rd6 Nc5 18. Rd8+ Kg7 19. Rxc8 Rxc8 20.
Bxc8 Rc7 21. Bh3 Nd3+ 22. Kc2 Nf2 23. Rf1 Nxh3 24. gxh3 h5 25. h4 Re7 26. Rd1
Kf6 27. c5 Ke5 28. Rd3 Kf4 29. h3 Ke5 30. Kd2 Kf4 31. Ne2+ Ke5 32. Ke3 Rc7 33.
Rd6 b6 34. b4 b5 35. Nf4 a5 36. Nd3# 1-0

[Event "?"]
[Site "?"]
[Date "2011.06.04"]
[Round "7.50"]
[White "Meinecke, Klaus-Hinrich"]
[Black "Boyarchenko, Vlada"]
[Result "0-1"]
[WhiteElo "1806"]
[BlackElo "1674"]
[PlyCount "84"]
[EventDate "2011.??.??"]
[WhiteTeam "SAbt TSV Münchingen"]

1. e4 c5 2. Nf3 a6 3. d4 cxd4 4. Nxd4 Nf6 5. Nc3 e5 6. Nb3 Bb4 7. Bd3 Bxc3+ 8.
bxc3 Qc7 9. O-O Qxc3 10. Ba3 Qc7 11. f4 Nc6 12. f5 b5 13. Bc5 d6 14. Be3 Bb7
15. g4 d5 16. exd5 Nxd5 17. Bf2 Nf4 18. Nc5 Nh3+ 19. Kg2 Nxf2 20. Rxf2 Nb4+ 21.
Nxb7 Qxb7+ 22. Kh3 Rd8 23. Qe2 Nxd3 24. cxd3 Qd5 25. Rf3 O-O 26. Re3 f6 27. Rb1
Rf7 28. Rb3 h6 29. Kh4 Rfd7 30. Kg3 Qd4 31. h4 h5 32. gxh5 Qf4+ 33. Kg2 Qxf5
34. Qf3 Qxf3+ 35. Kxf3 Rd4 36. Kg3 Ra4 37. Re2 Rdd4 38. Re4 Rxe4 39. dxe4 Rxe4
40. Rd3 Ra4 41. Rd2 Kh7 42. Rf2 Kh6 0-1